The Mind of Mahatma Gandhi (Record no. 2505)
[ view plain ]
| 000 -LEADER | |
|---|---|
| fixed length control field | 003150000a22001450004500 |
| 003 - CONTROL NUMBER IDENTIFIER | |
| control field | MACL |
| 040 ## - CATALOGING SOURCE | |
| Original cataloging agency | MACL |
| 090 ## - LOCALLY ASSIGNED LC-TYPE CALL NUMBER (OCLC); LOCAL CALL NUMBER (RLIN) | |
| -- | 2524 |
| -- | 2524 |
| 100 ## - MAIN ENTRY--PERSONAL NAME | |
| Personal name | Prabhu, R.K. |
| 245 ## - TITLE STATEMENT | |
| Title | The Mind of Mahatma Gandhi |
| 260 ## - PUBLICATION, DISTRIBUTION, ETC. (IMPRINT) | |
| Name of publisher, distributor, etc. | Navajivan Publishing House |
| Date of publication, distribution, etc. | 1967 |
| 350 ## - PRICE (NR) (BK AM CF MU VM SE) [OBSOLETE] | |
| Price | 75 |
| 650 ## - SUBJECT ADDED ENTRY--TOPICAL TERM | |
| Topical term or geographic name as entry element | Indian History |
| 942 ## - ADDED ENTRY ELEMENTS (KOHA) | |
| Koha item type | Library Membar |
| Call number prefix | 954 |
| Withdrawn status | Lost status | Source of classification or shelving scheme | Damaged status | Not for loan | Home library | Current library | Date acquired | Total Checkouts | Full call number | Barcode | Date last seen | Date last checked out | Uniform Resource Identifier | Price effective from | Koha item type |
|---|---|---|---|---|---|---|---|---|---|---|---|---|---|---|---|
| MACL | MACL | 15/04/2015 | 1 | 954 BOOK | CRE009580 | 02/05/2024 | 15/02/2020 | 2498 | 15/04/2015 | Books |









